Statistics for Rappers Real Names

Click here to take the quiz!

General Stats

  • This quiz has been taken 43 times
  • The average score is 9 of 15

Answer Stats

QuestionAnswer% Correct
DrakeAubrey Graham
91%
KanyeKanye West
83%
Kendrick LamarKendrick Duckworth
74%
50 CentCurtis Jackson III
63%
Lil UziSymere Woods
63%
Young ThuggJeffrey Williams
60%
J. ColeJermaine Cole
60%
FutureNayvadius Wilburn
54%
Polo GTaurus Bartlett
54%
Lil BabyDominique Jones
51%
YNW MellyJamell Demons
51%
YeatNoah Smith
51%
A BoogieArtist Dubose
46%
GunnaSergio Kitchens
46%
YoungboyKentrell Gaulden
40%

Score Distribution

Percentile by Number Answered

Percent of People with Each Score

Your Score History

You have not taken this quiz